[Event "NAYCC U14"]
[Site "Kingston CAN"]
[Date "2019.08.16"]
[Round "2.128"]
[White "He, Jinglai"]
[Black "Zong, Davis"]
[Result "0-1"]
[WhiteElo "1398"]
[BlackElo "2263"]
[PlyCount "86"]
[EventDate "2019.08.16"]
[EventType "swiss"]
[EventRounds "9"]
[EventCountry "CAN"]

1. e4 e5 2. Nf3 Nc6 3. Bc4 Nf6 4. Nc3 Nxe4 5. Nxe4 d5 6. Bxd5 Qxd5 7. Nc3 Qd8
8. h3 Bd6 9. d3 O-O 10. O-O f5 11. Nh2 Qe8 12. f4 Bd7 13. fxe5 Qxe5 14. Nf3 Qf6
15. Bg5 Qg6 16. Qd2 f4 17. Kh1 h6 18. Bh4 Qh5 19. Ne4 g5 20. Qc3 gxh4 21. Nf6+
Rxf6 22. Qxf6 Rf8 23. Qxh4 Qxh4 24. Nxh4 Nd4 25. Rf2 Kg7 26. c3 Be7 27. Nf3
Nxf3 28. Rxf3 Bc6 29. Rff1 Bh4 30. Kg1 Bg3 31. Rad1 Re8 32. Rd2 Re3 33. c4 Kf6
34. b4 a6 35. d4 Be4 36. d5 Ke5 37. d6 cxd6 38. Rfd1 Re1+ 39. Rxe1 Bxe1 40. Re2
Bxb4 41. Kf2 Kd4 42. g3 f3 43. Rb2 Bc5 0-1

[Event "NAYCC U14"]
[Site "Kingston CAN"]
[Date "2019.08.16"]
[Round "2.130"]
[White "Albury, Noah"]
[Black "Zhou, Skyler"]
[Result "0-1"]
[WhiteElo "1508"]
[BlackElo "1851"]
[PlyCount "112"]
[EventDate "2019.08.16"]
[EventType "swiss"]
[EventRounds "9"]
[EventCountry "CAN"]

1. e4 c6 2. d4 d5 3. e5 Bf5 4. Bd3 Bxd3 5. Qxd3 e6 6. Qd1 Nd7 7. Nf3 h6 8. O-O
Ne7 9. Nbd2 c5 10. c3 Nc6 11. Re1 Be7 12. Nb3 c4 13. Nbd2 b5 14. b3 O-O 15.
bxc4 bxc4 16. Nb1 Rb8 17. Ba3 Bxa3 18. Nxa3 Qa5 19. Nb1 Rb2 20. Re2 Rfb8 21.
Rxb2 Rxb2 22. a3 Nb6 23. a4 a6 24. Qc1 Nxa4 25. Rxa4 Qxa4 26. g3 Qc2 27. Qxc2
Rxc2 28. Kg2 Rb2 29. Nfd2 Na5 30. Kf1 Nb3 31. Ke1 Nxd2 32. Nxd2 Rc2 33. Kd1
Rxc3 34. Nb1 Rd3+ 35. Kc1 Rxd4 36. f4 Rd3 37. Kc2 Kh7 38. Kc1 Kg6 39. g4 Rf3
40. f5+ exf5 41. gxf5+ Rxf5 42. Kc2 Rxe5 43. Kc3 f5 44. Kd4 Kf6 45. Nc3 f4 46.
Nxd5+ Rxd5+ 47. Kxd5 f3 48. Kxc4 f2 49. Kc3 f1=Q 50. h3 Ke5 51. h4 Ke4 52. h5
Kd5 53. Kd2 Qf2+ 54. Kc1 Kc4 55. Kb1 Kb3 56. Ka1 Qb2# 0-1

[Event "NAYCC U14"]
[Site "Kingston CAN"]
[Date "2019.08.16"]
[Round "2.131"]
[White "Wei, Hunter"]
[Black "Zheng, Kevin"]
[Result "0-1"]
[WhiteElo "1530"]
[BlackElo "2058"]
[PlyCount "74"]
[EventDate "2019.08.16"]
[EventType "swiss"]
[EventRounds "9"]
[EventCountry "CAN"]

1. e4 c5 2. d3 g6 3. g3 Bg7 4. Nc3 e5 5. Bg2 Nc6 6. Nge2 Nge7 7. O-O O-O 8. f4
d6 9. h3 a6 10. g4 exf4 11. Nxf4 Rb8 12. Be3 b5 13. Rb1 Qa5 14. Qd2 b4 15. Ncd5
Qxa2 16. c3 bxc3 17. Nxc3 Qb3 18. Nfd5 Nxd5 19. exd5 Ne5 20. d4 Nc4 21. Qc1
Nxe3 22. Qxe3 Bxd4 23. Qxd4 cxd4 24. Ne4 Qb4 25. Rf4 f5 26. gxf5 Bxf5 27. Rbf1
Bxe4 28. Bxe4 Rxf4 29. Rxf4 Qe1+ 30. Kg2 Rxb2+ 31. Kf3 Qf2+ 32. Kg4 h5+ 33. Kg5
Qg3+ 34. Kh6 Qxf4+ 35. Kxg6 Qxe4+ 36. Kxh5 Rg2 37. Kh6 Qh7# 0-1

[Event "NAYCC U14"]
[Site "Kingston CAN"]
[Date "2019.08.16"]
[Round "2.132"]
[White "Modi, Ethan"]
[Black "Yoker, Callum"]
[Result "1-0"]
[WhiteElo "1980"]
[BlackElo "1345"]
[PlyCount "35"]
[EventDate "2019.08.16"]
[EventType "swiss"]
[EventRounds "9"]
[EventCountry "CAN"]

1. d4 Nf6 2. c4 g6 3. Nc3 d5 4. Bg5 Ne4 5. Bh4 Nxc3 6. bxc3 dxc4 7. e3 Be6 8.
Ne2 Bg7 9. Nf4 Bf5 10. Bxc4 c5 11. Qb3 cxd4 12. Bxf7+ Kf8 13. exd4 Qc7 14. Nd5
Qc6 15. Ne3 Bf6 16. Bd5 Qc7 17. Bxf6 exf6 18. Bxb7 1-0

[Event "NAYCC U14"]
[Site "Kingston CAN"]
[Date "2019.08.16"]
[Round "2.133"]
[White "Chakkoli, Anirud"]
[Black "Xing, Larrance"]
[Result "1-0"]
[WhiteElo "1769"]
[BlackElo "1746"]
[PlyCount "93"]
[EventDate "2019.08.16"]
[EventType "swiss"]
[EventRounds "9"]
[EventCountry "CAN"]

1. e4 e6 2. d4 d5 3. Nc3 Bb4 4. e5 c5 5. a3 Bxc3+ 6. bxc3 Ne7 7. Qg4 Kf8 8. h4
c4 9. Nh3 Nf5 10. Be2 Nc6 11. h5 h6 12. Nf4 Qa5 13. Bd2 Bd7 14. Rh3 Qd8 15. Qf3
Ke8 16. g4 Nfe7 17. Rg3 Bc8 18. Bf1 Kd7 19. g5 Nf5 20. Nxd5 Nxg3 21. Qxf7+ Ne7
22. Bh3 Ngf5 23. Bxf5 exf5 24. e6+ Kd6 25. Nxe7 Bxe6 26. Nxf5+ Bxf5 27. Bf4+
Kc6 28. Qxc4+ Kd7 29. Qd5+ Ke8 30. Qxf5 Qe7+ 31. Kd2 Qd7 32. Re1+ Kd8 33. Re6
g6 34. Qf6+ Kc8 35. Qxh8+ Qd8 36. Re8 Kd7 37. Rxd8+ Rxd8 38. Qxd8+ Kxd8 39.
gxh6 g5 40. Bxg5+ Kd7 41. h7 b5 42. h8=Q b4 43. Qd8+ Kc6 44. d5+ Kc5 45. axb4+
Kc4 46. Qd6 Kb5 47. Qc6# 1-0

[Event "NAYCC U14"]
[Site "Kingston CAN"]
[Date "2019.08.16"]
[Round "2.134"]
[White "Liu, Harrison"]
[Black "Astudillo Cuevas, Alonso"]
[Result "0-1"]
[WhiteElo "1684"]
[BlackElo "1975"]
[PlyCount "54"]
[EventDate "2019.08.16"]
[EventType "swiss"]
[EventRounds "9"]
[EventCountry "CAN"]

1. e4 c5 2. Nf3 g6 3. d4 cxd4 4. Nxd4 Nc6 5. c4 Nf6 6. Nc3 d6 7. Be2 Nxd4 8.
Qxd4 Bg7 9. Be3 O-O 10. Qd1 Be6 11. f3 Qa5 12. Qd2 Rfc8 13. Nd5 Qxd2+ 14. Kxd2
Bxd5 15. cxd5 Nd7 16. Rac1 Bxb2 17. Rxc8+ Rxc8 18. Rb1 Bc3+ 19. Kd1 Rc7 20.
Bxa7 b5 21. Be3 b4 22. Bd2 e6 23. Bb5 Kg7 24. Bxc3+ bxc3 25. Bxd7 c2+ 26. Kc1
cxb1=Q+ 27. Kxb1 Rxd7 0-1

[Event "NAYCC U14"]
[Site "Kingston CAN"]
[Date "2019.08.16"]
[Round "2.135"]
[White "Wang, Eric"]
[Black "Stoilov, Vadym"]
[Result "1/2-1/2"]
[WhiteElo "1554"]
[BlackElo "1626"]
[PlyCount "36"]
[EventDate "2019.08.16"]
[EventType "swiss"]
[EventRounds "9"]
[EventCountry "CAN"]

1. e4 c5 2. c3 d5 3. exd5 Qxd5 4. d4 e6 5. Nf3 Nf6 6. c4 Qd6 7. Nc3 a6 8. g3
cxd4 9. Qxd4 Nc6 10. Qxd6 Bxd6 11. Bd2 Bd7 12. a3 h6 13. Rd1 Bc7 14. b4 O-O 15.
Bg2 Rab8 16. O-O b5 17. cxb5 axb5 18. Be3 Rfd8 1/2-1/2

[Event "NAYCC U14"]
[Site "Kingston CAN"]
[Date "2019.08.16"]
[Round "2.136"]
[White "Joseph Benher, Savio"]
[Black "Ning, Oswin"]
[Result "1-0"]
[WhiteElo "2033"]
[BlackElo "1805"]
[PlyCount "99"]
[EventDate "2019.08.16"]
[EventType "swiss"]
[EventRounds "9"]
[EventCountry "CAN"]

1. e4 e5 2. Nf3 Nc6 3. Bb5 a6 4. Ba4 Nf6 5. d3 b5 6. Bb3 Be7 7. a4 bxa4 8. Bxa4
O-O 9. Bxc6 dxc6 10. Nxe5 Bb7 11. O-O c5 12. Nc3 Nd7 13. Nxd7 Qxd7 14. Be3 f5
15. f3 Bd6 16. Qd2 f4 17. Bf2 Rf6 18. Na4 Rg6 19. Kh1 Qe7 20. Qc3 Qg5 21. Rg1
Bc8 22. g4 fxg3 23. Bxg3 Qh5 24. Kg2 Bh3+ 25. Kf2 Rf8 26. d4 Bg4 27. Ra3 cxd4
28. Qc4+ Be6 29. Qe2 Bxa3 30. bxa3 Qb5 31. Qxb5 axb5 32. Nc5 Bg4 33. Nb3 Rxf3+
34. Kg2 d3 35. Nd4 Re3 36. cxd3 Rxd3 37. Nxb5 c6 38. Nd6 Rxa3 39. Rb1 Ra8 40.
Rb6 Bd7 41. Kf2 Ra2+ 42. Ke3 Ra3+ 43. Kd4 Kf8 44. Rb7 Raxg3 45. Rxd7 Rxd6+ 46.
Rxd6 Rg6 47. Kc5 Rxd6 48. Kxd6 c5 49. Kd7 Kf7 50. e5 1-0

[Event "NAYCC U14"]
[Site "Kingston CAN"]
[Date "2019.08.16"]
[Round "2.137"]
[White "Trey, Justin"]
[Black "Li, Kevin"]
[Result "0-1"]
[WhiteElo "1419"]
[BlackElo "1912"]
[PlyCount "74"]
[EventDate "2019.08.16"]
[EventType "swiss"]
[EventRounds "9"]
[EventCountry "CAN"]

1. d4 Nf6 2. Nf3 g6 3. c4 Bg7 4. Nc3 d6 5. e4 O-O 6. h3 e5 7. d5 Ne8 8. g4 Na6
9. Rg1 Nc5 10. Be3 b6 11. Qc2 a5 12. Be2 Bd7 13. Nd2 f5 14. Bxc5 dxc5 15. Bf3
Nd6 16. O-O-O f4 17. Be2 a4 18. Nf3 a3 19. b3 Ra5 20. Qd2 Qa8 21. Rg2 b5 22.
cxb5 Bxb5 23. Bxb5 Nxb5 24. Nxb5 Rxb5 25. Qc2 Rfb8 26. Rd3 Qa7 27. Nd2 Qa6 28.
Nc4 Rd8 29. f3 Rbb8 30. Rgd2 Rb4 31. Kb1 h6 32. Qc1 Kh7 33. Qxa3 Qxc4 34. Ka1
Qb5 35. Rc3 c4 36. Rb2 cxb3 37. Rxc7 Ra8 0-1

[Event "NAYCC U14"]
[Site "Kingston CAN"]
[Date "2019.08.16"]
[Round "2.138"]
[White "Ouellette, Alex"]
[Black "Mai, Deren"]
[Result "1/2-1/2"]
[WhiteElo "1393"]
[BlackElo "1277"]
[PlyCount "87"]
[EventDate "2019.08.16"]
[EventType "swiss"]
[EventRounds "9"]
[EventCountry "CAN"]

1. e4 c5 2. Nf3 Nc6 3. d4 cxd4 4. Nxd4 Nf6 5. Nc3 e5 6. Nb3 Bb4 7. Bd3 d5 8.
exd5 Nxd5 9. Bd2 Nxc3 10. bxc3 Bd6 11. Qh5 g6 12. Qe2 O-O 13. h4 e4 14. Bxe4
Re8 15. O-O-O Bf5 16. f3 Ba3+ 17. Kb1 a5 18. Be3 Qf6 19. Qd3 Bxe4 20. fxe4 Red8
21. Bg5 Rxd3 22. Bxf6 Rxd1+ 23. Rxd1 Re8 24. Re1 Be7 25. Bxe7 Rxe7 26. Nd4 f5
27. Nxc6 bxc6 28. e5 Kf7 29. Kb2 Rb7+ 30. Ka3 Ke6 31. Re2 Rb5 32. Ka4 Rc5 33.
Re3 Rc4+ 34. Kxa5 Rxh4 35. Kb6 Re4 36. Rh3 h5 37. Rg3 Rg4 38. Rxg4 hxg4 39. a4
f4 40. a5 f3 41. gxf3 g3 42. a6 g2 43. a7 g1=Q+ 44. Kb7 1/2-1/2

[Event "NAYCC U14"]
[Site "Kingston CAN"]
[Date "2019.08.16"]
[Round "2.139"]
[White "Wang, Edward"]
[Black "Li, Wing"]
[Result "0-1"]
[WhiteElo "1111"]
[BlackElo "1619"]
[PlyCount "96"]
[EventDate "2019.08.16"]
[EventType "swiss"]
[EventRounds "9"]
[EventCountry "CAN"]

1. e4 c6 2. d4 d5 3. Nc3 dxe4 4. Nxe4 Bf5 5. Ng3 Bg6 6. Nf3 Nd7 7. Bd3 Bxd3 8.
Qxd3 Ngf6 9. O-O e6 10. Bd2 Be7 11. a4 c5 12. Be3 cxd4 13. Bxd4 O-O 14. Rab1
Qa5 15. b3 Rfd8 16. Qc3 Bb4 17. Qe3 Rac8 18. c4 h6 19. Rfc1 b6 20. Bc3 Bxc3 21.
Rxc3 Qb4 22. Rcc1 Nc5 23. Ne1 Qd2 24. Qxd2 Rxd2 25. Rc2 Rcd8 26. Rxd2 Rxd2 27.
f3 Nfd7 28. Nf1 Rd6 29. Ne3 Ne5 30. Kf1 Nc6 31. Ke2 Nd4+ 32. Kd2 Ndxb3+ 33. Kc3
Na5 34. Kb4 Nc6+ 35. Ka3 Ne5 36. h3 Rd7 37. Ra1 Ned3 38. N1c2 Nf4 39. Ne1 Ng6
40. Kb2 Nd3+ 41. Kc3 Nxe1 42. Rxe1 Ne5 43. Rb1 Rd3+ 44. Kc2 Rxe3 45. Rc1 Ra3
46. Kb2 Rxa4 47. Kb3 Ra5 48. Kb4 Nd3+ 0-1

[Event "NAYCC U14"]
[Site "Kingston CAN"]
[Date "2019.08.16"]
[Round "2.140"]
[White "Durhan, Batuhan"]
[Black "Ran, Charles"]
[Result "0-1"]
[WhiteElo "1615"]
[BlackElo "1619"]
[PlyCount "52"]
[EventDate "2019.08.16"]
[EventType "swiss"]
[EventRounds "9"]
[EventCountry "CAN"]

1. e4 e5 2. Nf3 Nc6 3. Bc4 Nf6 4. d3 Bc5 5. c3 d6 6. Bb3 Be6 7. Nbd2 O-O 8. Nf1
d5 9. Ng3 dxe4 10. dxe4 Qe7 11. O-O Rad8 12. Qc2 Bg4 13. Nh4 Bb6 14. Nhf5 Qd7
15. h3 Bxf5 16. Nxf5 Na5 17. Bg5 Nxb3 18. Bxf6 Qd3 19. Ne7+ Kh8 20. Bxg7+ Kxg7
21. Nf5+ Kh8 22. Qxb3 Qxe4 23. Ng3 Qg6 24. Kh2 Rd2 25. f3 Rg8 26. Kh1 Qxg3 0-1

[Event "NAYCC U14"]
[Site "Kingston CAN"]
[Date "2019.08.16"]
[Round "2.141"]
[White "Wang, Robert"]
[Black "Liu, Harry"]
[Result "0-1"]
[WhiteElo "1287"]
[BlackElo "1735"]
[PlyCount "96"]
[EventDate "2019.08.16"]
[EventType "swiss"]
[EventRounds "9"]
[EventCountry "CAN"]

1. d4 Nf6 2. c4 e6 3. Nc3 Bb4 4. Qc2 b6 5. a3 Bxc3+ 6. Qxc3 Bb7 7. Qg3 Rg8 8.
e3 d6 9. f3 Nbd7 10. e4 e5 11. d5 a5 12. a4 Nc5 13. Be3 Rb8 14. Qf2 Bc8 15.
Bxc5 bxc5 16. Rb1 Bd7 17. Qc2 g5 18. h3 Rb4 19. b3 Nh5 20. Ne2 Nf4 21. Nc3 h5
22. g3 Ng6 23. Be2 Qc8 24. Qd1 Bxh3 25. g4 hxg4 26. fxg4 Nf4 27. Bf3 Bg2 28.
Bxg2 Nxg2+ 29. Kf2 Nh4 30. Kg3 Rg6 31. Rf1 Qd8 32. Rf2 Rf6 33. Qf1 Rf4 34. Ne2
Rxf2 35. Qxf2 Ng6 36. Qf3 Nf4 37. Rh1 Qf6 38. Kf2 Nd3+ 39. Ke3 Qxf3+ 40. Kxf3
Rxb3 41. Rh8+ Ke7 42. Ng3 Ne1+ 43. Kf2 Rf3+ 44. Kxe1 Rxg3 45. Rh2 Rxg4 46. Re2
Rg3 47. Kd2 Ra3 48. Rg2 Ra2+ 0-1

[Event "NAYCC U14"]
[Site "Kingston CAN"]
[Date "2019.08.16"]
[Round "2.111"]
[White "Tanaka, Tyler"]
[Black "Windram, James"]
[Result "1/2-1/2"]
[WhiteElo "2227"]
[BlackElo "2064"]
[PlyCount "70"]
[EventDate "2019.08.16"]
[EventType "swiss"]
[EventRounds "9"]
[EventCountry "CAN"]

1. e4 c5 2. Nf3 Nc6 3. d4 cxd4 4. Nxd4 Nf6 5. Nc3 d6 6. Bg5 e6 7. Qd2 a6 8.
O-O-O Bd7 9. f4 b5 10. Bxf6 gxf6 11. Kb1 b4 12. Nce2 Qb6 13. f5 Nxd4 14. Nxd4
e5 15. Ne2 Bc6 16. Ng3 h5 17. h4 Bh6 18. Qxd6 Rd8 19. Qxd8+ Qxd8 20. Rxd8+ Kxd8
21. Bxa6 Ke7 22. a3 bxa3 23. bxa3 Rg8 24. Rh3 Ra8 25. Bc4 Rxa3 26. Bb3 Ra8 27.
Nxh5 Bxe4 28. Rc3 Ra7 29. g4 Bd2 30. Rg3 Rb7 31. Kb2 Rb8 32. Rg1 Rh8 33. Ra1
Ra8 34. Rd1 Rd8 35. Ra1 Ra8 1/2-1/2

[Event "NAYCC U14"]
[Site "Kingston CAN"]
[Date "2019.08.16"]
[Round "2.112"]
[White "Lu, Jason"]
[Black "Kang, Dorian"]
[Result "0-1"]
[WhiteElo "2161"]
[BlackElo "2209"]
[PlyCount "84"]
[EventDate "2019.08.16"]
[EventType "swiss"]
[EventRounds "9"]
[EventCountry "CAN"]

1. e4 c5 2. Nf3 d6 3. d4 cxd4 4. Nxd4 Nf6 5. Nc3 g6 6. Be3 Bg7 7. f3 Nc6 8. Qd2
O-O 9. O-O-O d5 10. Qe1 Nxd4 11. Bxd4 e6 12. e5 Nd7 13. f4 a6 14. Kb1 b5 15. g4
f6 16. exf6 Nxf6 17. h3 Qc7 18. Qe3 b4 19. Ne2 Ne4 20. Bg2 Bb7 21. Rhf1 e5 22.
fxe5 Bxe5 23. Bxe4 dxe4 24. Qb3+ Kh8 25. Qg3 Rfe8 26. Rf8+ Kg7 27. Rdf1 Bd5 28.
c4 Bxc4 29. Bxe5+ Rxe5 30. Rxa8 Bxe2 31. Re1 Bd3+ 32. Ka1 Qe7 33. Qe3 Rc5 34.
Qd4+ Kh6 35. Re8 Qg5 36. Qg1 Rc2 37. h4 Qd2 38. g5+ Kh5 39. Re7 Qg2 40. Rxh7+
Kg4 41. Qe3 Rxb2 42. Rg1 Rxa2# 0-1

[Event "NAYCC U14"]
[Site "Kingston CAN"]
[Date "2019.08.16"]
[Round "2.113"]
[White "Putnam, Liam Henry"]
[Black "Zhang, Samuel"]
[Result "1/2-1/2"]
[WhiteElo "2252"]
[BlackElo "2048"]
[PlyCount "91"]
[EventDate "2019.08.16"]
[EventType "swiss"]
[EventRounds "9"]
[EventCountry "CAN"]

1. e4 c5 2. Nf3 d6 3. d4 cxd4 4. Nxd4 Nf6 5. Nc3 a6 6. Bg5 e6 7. f4 Be7 8. Qf3
Qc7 9. O-O-O Nbd7 10. g4 b5 11. Bxf6 Nxf6 12. g5 Nd7 13. f5 Bxg5+ 14. Kb1 Nc5
15. fxe6 Bxe6 16. Nxe6 Nxe6 17. h4 Bh6 18. e5 Rd8 19. Nd5 Qc5 20. b4 Qa7 21.
exd6 O-O 22. Qe4 Rfe8 23. Bd3 Nf8 24. Ne7+ Kh8 25. Rhe1 Qd7 26. Qd5 Ne6 27. Qf5
g6 28. Qxf7 Qxd6 29. Qxe6 Qxb4+ 30. Qb3 Qc5 31. Nxg6+ hxg6 32. Bxg6 Rxe1 33.
Rxe1 Bg7 34. h5 Qd4 35. c3 Qd2 36. Rc1 b4 37. Bc2 Qxc3 38. Qxc3 bxc3 39. Rd1
Rxd1+ 40. Bxd1 a5 41. Kc2 Kh7 42. Kb3 Kh6 43. Ka4 c2 44. Bxc2 Bc3 45. Kb3 Be1
46. Bg6 1/2-1/2

[Event "NAYCC U14"]
[Site "Kingston CAN"]
[Date "2019.08.16"]
[Round "2.114"]
[White "England, Max"]
[Black "Oberoi, Shelev"]
[Result "1-0"]
[WhiteElo "1998"]
[BlackElo "2140"]
[PlyCount "149"]
[EventDate "2019.08.16"]
[EventType "swiss"]
[EventRounds "9"]
[EventCountry "CAN"]

1. e4 e5 2. Nf3 Nc6 3. Bc4 Nf6 4. d3 Be7 5. Nc3 d6 6. a3 Bg4 7. h3 Bxf3 8. Qxf3
Nd4 9. Qd1 c6 10. Be3 O-O 11. O-O Ne6 12. Bxe6 fxe6 13. d4 exd4 14. Qxd4 d5 15.
Rad1 Qe8 16. Qe5 Qf7 17. Rfe1 Nd7 18. Qc7 Bc5 19. Bxc5 Nxc5 20. Qxf7+ Kxf7 21.
exd5 exd5 22. b4 Nd7 23. Ne4 Rfb8 24. Nd6+ Kf8 25. Rd3 Nf6 26. Rf3 a5 27. g4
Kg8 28. g5 Ne4 29. Nxe4 Re8 30. Rfe3 dxe4 31. Rxe4 Rxe4 32. Rxe4 Kf7 33. h4
axb4 34. axb4 Ra2 35. c4 Rb2 36. c5 Kg6 37. Rf4 h6 38. gxh6 Kxh6 39. Kg2 g5 40.
hxg5+ Kxg5 41. Kg3 Rb3+ 42. f3 Rb1 43. Re4 Kf5 44. Kf2 Rb2+ 45. Ke3 Rb3+ 46.
Kd2 Rxf3 47. Re7 Rb3 48. Rxb7 Ke4 49. Kc2 Ra3 50. Rd7 Ra8 51. Rd6 Rc8 52. Kc3
Rc7 53. Kc4 Ke5 54. Rd8 Ke6 55. b5 Ke7 56. Rh8 cxb5+ 57. Kxb5 Rb7+ 58. Kc6 Rb1
59. Kc7 Rb2 60. Rh6 Rc2 61. c6 Rb2 62. Kc8 Rb6 63. Rh7+ Ke8 64. c7 Rb1 65. Rd7
Rb2 66. Rd3 Rb1 67. Re3+ Kf7 68. Re5 Kf6 69. Kd8 Rd1+ 70. Ke8 Kxe5 71. c8=Q Rd5
72. Ke7 Rd4 73. Qc5+ Rd5 74. Qe3+ Kf5 75. Qe6+ 1-0

[Event "NAYCC U14"]
[Site "Kingston CAN"]
[Date "2019.08.16"]
[Round "2.115"]
[White "Zheng, Richard Qinghe"]
[Black "Mao, Fengxi"]
[Result "1-0"]
[WhiteElo "2180"]
[BlackElo "2111"]
[PlyCount "89"]
[EventDate "2019.08.16"]
[EventType "swiss"]
[EventRounds "9"]
[EventCountry "CAN"]

1. b3 d5 2. Bb2 Nf6 3. e3 c5 4. f4 g6 5. Nf3 Bg7 6. Bb5+ Bd7 7. Bxd7+ Qxd7 8.
Ne5 Qd6 9. d3 O-O 10. Nd2 Nfd7 11. Nxd7 Nxd7 12. Bxg7 Kxg7 13. O-O Rae8 14. Qf3
f5 15. d4 cxd4 16. exd4 Nf6 17. Qe3 Rc8 18. c3 Rc7 19. Rac1 b5 20. g3 Rfc8 21.
Qd3 a6 22. Rc2 Ne4 23. Nxe4 dxe4 24. Qe3 Qd5 25. Rfc1 e6 26. Kf2 h5 27. Qd2 h4
28. Ke3 Rh8 29. Qg2 Rd7 30. Rd2 hxg3 31. Qxg3 e5 32. h4 b4 33. fxe5 bxc3 34.
Rxc3 f4+ 35. Qxf4 Rf7 36. Qxe4 Qe6 37. Kd3 Rhf8 38. Kc2 Rf4 39. Qc6 Qf5+ 40.
Kb2 Rxd4 41. Rxd4 Qf2+ 42. Ka3 Qxd4 43. e6 Rf4 44. Rc4 Qd2 45. Qc7+ 1-0

[Event "NAYCC U14"]
[Site "Kingston CAN"]
[Date "2019.08.16"]
[Round "2.116"]
[White "Wu, Tony (Dongze)"]
[Black "Wang, Paul"]
[Result "1-0"]
[WhiteElo "2127"]
[BlackElo "1977"]
[PlyCount "125"]
[EventDate "2019.08.16"]
[EventType "swiss"]
[EventRounds "9"]
[EventCountry "CAN"]

1. d4 d5 2. Nf3 Nf6 3. g3 Bf5 4. Bg2 c6 5. c4 h6 6. O-O Nbd7 7. Nfd2 e6 8. Nc3
Be7 9. Qb3 Qb6 10. e4 dxe4 11. Ndxe4 O-O 12. Qxb6 axb6 13. b3 Nxe4 14. Nxe4 Nf6
15. Nc3 Rfd8 16. Bb2 Ba3 17. Bxa3 Rxa3 18. Rad1 Ra5 19. Rd2 Rd6 20. Rfd1 Ra8
21. Kf1 Rad8 22. Ke1 Bg4 23. f3 Bh5 24. h3 c5 25. g4 Bg6 26. dxc5 Rxd2 27. Rxd2
Rxd2 28. Kxd2 bxc5 29. Na4 Nd7 30. f4 Bb1 31. Bxb7 e5 32. fxe5 Nxe5 33. Nxc5
Bxa2 34. Kc2 Nxc4 35. bxc4 Bxc4 36. Bg2 f6 37. Kc3 Bf7 38. Kd4 h5 39. Bd5 hxg4
40. hxg4 g6 41. Bxf7+ Kxf7 42. Ke3 Ke7 43. Kf4 Kd6 44. Ne4+ Ke6 45. Nc3 Kd6 46.
Nd1 Kd5 47. Ne3+ Kd6 48. Nc4+ Kd5 49. Nd2 Kd6 50. Nf3 Ke6 51. Ke3 Kd5 52. Nh4
g5 53. Nf5 Ke5 54. Nh6 Kd5 55. Kd3 Ke5 56. Kc4 Ke6 57. Kc5 Ke5 58. Kc6 Ke6 59.
Kc7 Ke5 60. Kd7 Kd5 61. Ke7 Ke5 62. Kf7 f5 63. Nxf5 1-0

[Event "NAYCC U14"]
[Site "Kingston CAN"]
[Date "2019.08.16"]
[Round "2.117"]
[White "Craciun, David"]
[Black "Rusonik, Max"]
[Result "0-1"]
[WhiteElo "1949"]
[BlackElo "2180"]
[PlyCount "67"]
[EventDate "2019.08.16"]
[EventType "swiss"]
[EventRounds "9"]
[EventCountry "CAN"]

1. d4 f5 2. Bf4 Nf6 3. e3 d6 4. Nf3 g6 5. Nbd2 Bg7 6. Bd3 O-O 7. c4 Nc6 8. a3
e5 9. Bg5 e4 10. Bxe4 fxe4 11. Nxe4 Qe8 12. Nc3 Ne4 13. Nd5 Qf7 14. h4 h6 15.
Bf4 Be6 16. Nxc7 Qxc7 17. d5 Bg4 18. dxc6 Qa5+ 19. b4 Qh5 20. cxb7 Rae8 21. Rc1
Rxf4 22. b8=Q Rxb8 23. exf4 Bc3+ 24. Rxc3 Nxc3 25. Qxd6 Re8+ 26. Ne5 Qf5 27.
O-O Ne2+ 28. Kh1 Nxf4 29. Nd7 Bf3 30. Nf6+ Kh8 31. Qd7 Qxd7 32. Nxd7 Bxg2+ 33.
Kg1 Bxf1 34. Kxf1 0-1

[Event "NAYCC U14"]
[Site "Kingston CAN"]
[Date "2019.08.16"]
[Round "2.118"]
[White "Hu, Merric"]
[Black "Hua, Charles"]
[Result "1-0"]
[WhiteElo "2215"]
[BlackElo "2062"]
[PlyCount "53"]
[EventDate "2019.08.16"]
[EventType "swiss"]
[EventRounds "9"]
[EventCountry "CAN"]

1. e4 c5 2. Nf3 e6 3. d4 cxd4 4. Nxd4 a6 5. Nc3 Qc7 6. Bd3 Nf6 7. O-O b5 8. a3
Bb7 9. Re1 d6 10. f4 Nbd7 11. Qe2 Be7 12. Kh1 h5 13. Bd2 d5 14. exd5 Nxd5 15.
f5 e5 16. Nf3 Bf6 17. Ne4 N7b6 18. Rac1 Kf8 19. b3 Re8 20. Qf2 Qd7 21. c4 bxc4
22. bxc4 Nf4 23. Bxf4 Qxd3 24. Nc5 Qxf5 25. Nxb7 Qxf4 26. Qxb6 e4 27. Qd6+ 1-0

[Event "NAYCC U14"]
[Site "Kingston CAN"]
[Date "2019.08.16"]
[Round "2.119"]
[White "Richard, Leo"]
[Black "Doknjas, Neil"]
[Result "0-1"]
[WhiteElo "1940"]
[BlackElo "2083"]
[PlyCount "56"]
[EventDate "2019.08.16"]
[EventType "swiss"]
[EventRounds "9"]
[EventCountry "CAN"]

1. d4 d5 2. Nf3 Nf6 3. g3 e6 4. Bg2 Be7 5. O-O O-O 6. c4 dxc4 7. Ne5 Nc6 8.
Nxc6 bxc6 9. Na3 Bxa3 10. bxa3 Nd5 11. Qa4 Nc3 12. Qxc4 Qxd4 13. Qxd4 Nxe2+ 14.
Kh1 Nxd4 15. Bf4 Ba6 16. Rfd1 Rad8 17. Bxc7 Rd7 18. Be5 c5 19. Rac1 f6 20. Bf4
e5 21. Rxc5 exf4 22. Rd5 Rfd8 23. R1xd4 Rxd5 24. Rxd5 Rc8 25. h4 fxg3 26. fxg3
Rc1+ 27. Kh2 Rc2 28. Kg1 Rxg2+ 0-1

[Event "NAYCC U14"]
[Site "Kingston CAN"]
[Date "2019.08.16"]
[Round "2.120"]
[White "Tu, Lewis"]
[Black "Lang, Quintin"]
[Result "1-0"]
[WhiteElo "1937"]
[BlackElo "1103"]
[PlyCount "61"]
[EventDate "2019.08.16"]
[EventType "swiss"]
[EventRounds "9"]
[EventCountry "CAN"]

1. c4 e5 2. Nc3 Nf6 3. Nf3 Nc6 4. g3 Be7 5. Bg2 O-O 6. O-O d6 7. d4 exd4 8.
Nxd4 Ne5 9. b3 c5 10. Nc2 Rb8 11. Ne3 Be6 12. Ned5 Nxd5 13. Nxd5 Bxd5 14. Bxd5
Bf6 15. Rb1 b5 16. f4 Nd7 17. cxb5 Nb6 18. Bc6 d5 19. Bb2 d4 20. Ba3 Be7 21.
Rc1 Nd5 22. Qd3 Nc3 23. e3 Qa5 24. exd4 Qxa3 25. Qxc3 Bf6 26. Qxc5 Qxc5 27.
dxc5 Bb2 28. Rc2 Bf6 29. Rd1 Rbd8 30. Bd7 Rfe8 31. c6 1-0

[Event "NAYCC U14"]
[Site "Kingston CAN"]
[Date "2019.08.16"]
[Round "2.121"]
[White "Zhao, Jeffrey Renfei"]
[Black "Zhang, Kevin2"]
[Result "1-0"]
[WhiteElo "1999"]
[BlackElo "1795"]
[PlyCount "87"]
[EventDate "2019.08.16"]
[EventType "swiss"]
[EventRounds "9"]
[EventCountry "CAN"]

1. e4 c5 2. Nf3 Nc6 3. d4 cxd4 4. Nxd4 g6 5. Nc3 Bg7 6. Be3 Nf6 7. Bc4 O-O 8.
Bb3 d6 9. f3 Bd7 10. Qd2 Rc8 11. O-O-O Nxd4 12. Bxd4 b5 13. h4 a5 14. h5 a4 15.
Bxf6 exf6 16. Bd5 a3 17. hxg6 axb2+ 18. Kb1 hxg6 19. Ne2 Qc7 20. Bb3 Be6 21.
Bxe6 fxe6 22. Nd4 Qc4 23. Qd3 f5 24. Qxc4 Rxc4 25. Nxe6 Rfc8 26. Nxg7 Kxg7 27.
exf5 Rxc2 28. fxg6 Rxg2 29. Rhg1 Rgc2 30. f4 d5 31. f5 d4 32. Rdf1 d3 33. f6+
Kg8 34. Rh1 Rg2 35. g7 Kf7 36. Rh8 Rgc2 37. Rfh1 Rc1+ 38. Kxb2 Rxh1 39. Rxc8
Rg1 40. Rf8+ Ke6 41. g8=Q+ Rxg8 42. Rxg8 d2 43. Rd8 Kxf6 44. Rxd2 1-0

[Event "NAYCC U14"]
[Site "Kingston CAN"]
[Date "2019.08.16"]
[Round "2.122"]
[White "Jeyakumar, Bhavatharshan"]
[Black "Wu, Eric"]
[Result "0-1"]
[WhiteElo "1731"]
[BlackElo "2080"]
[PlyCount "76"]
[EventDate "2019.08.16"]
[EventType "swiss"]
[EventRounds "9"]
[EventCountry "CAN"]

1. e4 c5 2. Nf3 e6 3. d4 cxd4 4. Nxd4 a6 5. Nc3 Qc7 6. Be3 Nf6 7. a3 b5 8. Bd3
Bb7 9. O-O Be7 10. f4 d6 11. f5 e5 12. Nb3 Nbd7 13. Qf3 Nc5 14. Nd2 Nxd3 15.
cxd3 d5 16. Bg5 dxe4 17. dxe4 Nxe4 18. Ndxe4 Bxg5 19. f6 Qb6+ 20. Kh1 gxf6 21.
Rad1 Rd8 22. Rxd8+ Kxd8 23. Qd3+ Ke7 24. Nxg5 fxg5 25. Qf5 f6 26. Rd1 Qc6 27.
Nd5+ Kf7 28. Rf1 Kg7 29. Ne3 Rf8 30. Qh3 Bc8 31. Qg3 Qe4 32. Rc1 Bd7 33. Rd1
Be6 34. Qf2 Rc8 35. h3 Rc6 36. Nf1 Rc2 37. Nd2 Qd5 38. Qe1 Bxh3 0-1